000 00460nam a22001457a 4500
008 140910b xxu||||| |||| 00| 0 eng d
020 _a9783868385441
050 _aBD125.F413
100 _aFeser, Edward
_911177
245 _aScholastic metapysics
_ba contemporary introduction /
_cEdward Feser
260 _aPostfach
_bEditiones Scholasticae
_c2014
300 _a302p.
_c21cm.
440 _aeditiones scholasticae
_nVol. 39
_911178
942 _2lcc
_cMONOGRAPH
_02
999 _c120809
_d120809